000 00796nam a2200241 a 4500
001 BRCA_6754
005 20190320205558.0
008 241011s1946----mx-#######---#000-0#spa-#
041 _aspa
044 _amx
050 4 _aPQ7297
_b.R46 M4
_c1946
245 1 0 _aMemorias de un impostor, Don Guillen de Lampart, rey de México
_b[novela histórica]
_cVicente Riva Palacio; edición y prólogo de Antonio Castro Leal
260 _aMéxico
_bPorrúa
_c1946
300 _a2 v.
_c20 cm.
440 0 _aEscritores mexicanos
_v33-34
_916861
500 _aI120
650 1 4 _aLombardo, Guillen
_xNovela
_ym.1659
_916862
650 1 4 _aLiteratura mexicana
_910506
651 4 _aMéxico
_vNovela
_xHistoria
_y1540-1810
_916863
700 1 _aCastro Leal, Antonio
_eEditor
_916864
902 _aGFM
942 _2lcc
_cB
999 _c6437
_d6437